| 000 | 00744nam a22002177a 4500 | ||
|---|---|---|---|
| 999 |
_c13194 _d13194 |
||
| 003 | AR-CdUCM | ||
| 008 | 190411b ||||| |||| 00| 0 spa d | ||
| 040 |
_aMUNICIPALIDAD PROVINCIAL DEL CUSCO _cBIBLIOTECA MUNICIPAL DEL CUSCO |
||
| 082 |
_a985.61 / _bV17 / 1934 |
||
| 100 |
_aLarco H., Rafael _931435 |
||
| 245 | _aCusco histórico / | ||
| 260 |
_aLima : _bLa crónica y variedades, _c1934. |
||
| 300 |
_a336 páginas ; _bIlustraciones, _c28.5 cm. |
||
| 500 | _aDedicatoria | ||
| 505 | _aContenido: Capital del pasado y ciudad del futuro -- La ciudad inkaika -- La ciudad virreinal ... | ||
| 650 |
_aCiudad de Cusco _931436 |
||
| 650 |
_aHistoria _9136 |
||
| 650 |
_aCiudad inca _930251 |
||
| 942 |
_2ddc _cLIBROS |
||
| 945 |
_aacv _d2019-04-11 |
||